=LDR 00000nam 2200000 4500 =001 INLIS000000000041708 =005 20130612151226 =008 ***********************************Ind** =035 ##$$0010-061300000041708 =041 ##$$a Ind =082 ##$$a 641.559 8 =090 ##$$a 641.559 8, Enw a =100 ##$$a Erwin T Lill =245 ##$$a Sajian Ayam Goreng =260 ##$$a 2010 $b Jakarta =300 ##$$a 6, 56 hlm, ilus, 20 cm =850 ##$$a NBPNMAT